[Event "Harburg-chE 14th"]
[Site "Hamburg"]
[Date "2019.07.28"]
[Round "4.3"]
[White "Lu, Yunong Elias"]
[Black "Herrmann, Sabine"]
[Result "1-0"]
[WhiteElo "1341"]
[BlackElo "1561"]
[PlyCount "121"]
[EventDate "2019.07.26"]
[EventType "tourn"]
[EventRounds "5"]
[EventCountry "GER"]
[SourceTitle "EXT 2020"]
[Source "ChessBase"]
[SourceDate "2019.10.17"]
[SourceVersion "1"]
[SourceVersionDate "2019.10.17"]
[SourceQuality "1"]

1. e4 e5 2. Nf3 Nc6 3. Bc4 Be7 4. Nc3 Nf6 5. d3 d6 6. h3 Na5 7. Bb3 Nxb3 8. axb3 0-0 9. Be3 b6 10. 0-0 h6 11. Nd2 Nh7 12. f4 exf4 13. Bxf4 Bg5 14. Bg3 f5 15. e5 f4 16. Bh2 dxe5 17. Qf3 Be6 18. Qe4 Re8 19. Nf3 Bf6 20. Rfe1 a5 21. Nxe5 Bxe5 22. Qxe5 Bxb3 23. Qxe8+ Qxe8 24. Rxe8+ Rxe8 25. cxb3 g5 26. Kf2 Nf6 27. Re1 Rd8 28. Re6 Kf7 29. Rc6 Rxd3 30. Rxc7+ Nd7 31. Ke2 Re3+ 32. Kd2 Re6 33. Rxd7+ Kf6 34. Bg1 Rc6 35. Rd3 Ke5 36. Rd5+ Ke6 37. Rb5 Rd6+ 38. Kc2 Kd7 39. Rxb6 Rxb6 40. Bxb6 h5 41. Bxa5 g4 42. hxg4 hxg4 43. Bb6 Ke6 44. Kd3 Kf5 45. Ke2 Kg5 46. Bf2 g3 47. Bd4 Kf5 48. b4 Ke6 49. Kf3 Kd6 50. Kxf4 Kc6 51. Kxg3 Kc7 52. Kf4 Kc6 53. g4 Kd6 54. b5 Kd7 55. b6 Ke6 56. b7 Kf7 57. b8Q Kg6 58. Qg8+ Kh6 59. g5+ Kh5 60. Qf7+ Kh4 61. Qh7# 1-0

[Event "Harburg-chE 14th"]
[Site "Hamburg"]
[Date "2019.07.26"]
[Round "1.3"]
[White "Herrmann, Sabine"]
[Black "Schulze, Tim"]
[Result "1-0"]
[WhiteElo "1561"]
[BlackElo "1481"]
[PlyCount "71"]
[EventDate "2019.07.26"]
[EventType "tourn"]
[EventRounds "5"]
[EventCountry "GER"]
[SourceTitle "EXT 2020"]
[Source "ChessBase"]
[SourceDate "2019.10.17"]
[SourceVersion "1"]
[SourceVersionDate "2019.10.17"]
[SourceQuality "1"]

1. e4 d6 2. d4 Nf6 3. Nc3 Nbd7 4. d5 e5 5. dxe6 fxe6 6. Be2 Be7 7. Bh5+ Nxh5 8. Qxh5+ g6 9. Qh6 Ne5 10. Nge2 Nf7 11. Qd2 Bg5 12. Qd3 Bxc1 13. Rxc1 Qg5 14. 0-0 0-0 15. f4 Qc5+ 16. Kh1 Bd7 17. Rf3 b5 18. a3 a5 19. a4 b4 20. Nb5 Bxb5 21. axb5 Rab8 22. c4 bxc3 23. Nxc3 Qb4 24. Qc2 Rfc8 25. f5 Ne5 26. Rg3 exf5 27. exf5 Kh8 28. fxg6 Nxg6 29. Rh3 Qg4 30. Nd5 Qe6 31. Nf4 Qf6 32. Nxg6+ Kg7 33. Ne7 Rh8 34. Qxc7 Rbf8 35. Nf5+ Kg6 36. Rh6+ 1-0

[Event "Hamburg-chA"]
[Site "Hamburg"]
[Date "2019.06.14"]
[Round "5"]
[White "Herrmann, Sabine"]
[Black "Ristic, Sreten"]
[Result "0-1"]
[WhiteElo "1523"]
[BlackElo "1786"]
[PlyCount "82"]
[EventDate "2019.06.08"]
[EventType "swiss"]
[EventRounds "7"]
[EventCountry "GER"]
[SourceTitle "EXT 2022"]
[Source "ChessBase"]
[SourceDate "2021.10.06"]
[SourceVersion "1"]
[SourceVersionDate "2021.10.06"]
[SourceQuality "1"]

1. e4 e5 2. Nf3 Nc6 3. d4 exd4 4. Nxd4 Nge7 5. Be3 d6 6. Bc4 Bd7 7. Nc3 a6 8. Nd5 b5 9. Bb3 Ne5 10. Nxe7 Bxe7 11. 0-0 0-0 12. f4 Ng4 13. Rf3 Nxe3 14. Rxe3 c5 15. Nf5 c4 16. Bxc4 bxc4 17. Nxd6 Qb6 18. Nxc4 Qc7 19. Rc3 Be6 20. Ne5 Qb6+ 21. Kh1 Rfd8 22. Nd3 Qe3 23. f5 Bd7 24. Ne5 Qa7 25. Qh5 Be8 26. Ng4 Rd4 27. e5 Rxg4 28. Qxg4 f6 29. Rg3 Bd8 30. e6 Qe7 31. Rh3 Rc8 32. Qh4 g5 33. Qe4 h5 34. Rg3 Rc5 35. Rf1 Bb5 36. Rd1 Bc6 37. Qd3 Bc7 38. Rh3 h4 39. Qxa6 Rxc2 40. Kg1 Qc5+ 41. Kf1 Bxg2+ 0-1

[Event "Hamburg HSK Christmas op 4th"]
[Site "Hamburg"]
[Date "2018.12.28"]
[Round "3"]
[White "Mandelkow, Elias"]
[Black "Herrmann, Sabine"]
[Result "1-0"]
[WhiteElo "1569"]
[BlackElo "1553"]
[PlyCount "111"]
[EventDate "2018.12.27"]
[EventType "swiss"]
[EventRounds "7"]
[EventCountry "GER"]
[SourceTitle "CBM 188 Extra"]
[Source "ChessBase"]
[SourceDate "2019.02.28"]
[SourceVersion "1"]
[SourceVersionDate "2019.02.28"]
[SourceQuality "1"]

1. d4 d5 2. c4 Nf6 3. Nc3 e6 4. Nf3 Nc6 5. Bf4 Bd6 6. Bg3 Ne4 7. c5 Nxc3 8. bxc3 Bxg3 9. hxg3 Qf6 10. e3 a6 11. Be2 h6 12. Rb1 Rb8 13. Kf1 Bd7 14. Kg1 0-0 15. g4 Qg6 16. g5 hxg5 17. Bd3 f5 18. Rb2 g4 19. Ne1 Kf7 20. Be2 Rh8 21. Rxh8 Rxh8 22. Bd3 Qh5 23. Kf1 Nd8 24. c4 Bc6 25. Qc2 dxc4 26. Bxc4 Bxg2+ 27. Nxg2 g3 28. Nf4 Qg4 29. Ke1 gxf2+ 30. Kd2 g6 31. Kc3 Rh2 32. Qa4 c6 33. Qa5 Qg5 34. Qc7+ Ke8 35. Qe5 Qg1 36. Nxe6 Qe1+ 37. Kb3 Rh7 38. Nxd8+ Kxd8 39. Qb8+ Ke7 40. Qxb7+ Kf6 41. Qxh7 Qxe3+ 42. Ka4 Kg5 43. Rb4 a5 44. Kxa5 Qa3+ 45. Ra4 Qc3+ 46. Kb6 Qxd4 47. Qe7+ Kh6 48. Qe2 Qd8+ 49. Kxc6 Qc8+ 50. Kb5 Qb7+ 51. Ka5 Qa8+ 52. Kb4 Qb7+ 53. Ka3 Qg2 54. Qe3+ Kg7 55. Ra7+ Kf8 56. Qe7# 1-0

[Event "Hamburg HSK Christmas op 4th"]
[Site "Hamburg"]
[Date "2018.12.27"]
[Round "1"]
[White "Atri, Jamshid"]
[Black "Herrmann, Sabine"]
[Result "1-0"]
[WhiteElo "1930"]
[BlackElo "1553"]
[PlyCount "55"]
[EventDate "2018.12.27"]
[EventType "swiss"]
[EventRounds "7"]
[EventCountry "GER"]
[SourceTitle "CBM 188 Extra"]
[Source "ChessBase"]
[SourceDate "2019.02.28"]
[SourceVersion "1"]
[SourceVersionDate "2019.02.28"]
[SourceQuality "1"]

1. e4 d5 2. exd5 Qxd5 3. Nc3 Qd8 4. d4 e6 5. Nf3 Nf6 6. Bd3 Be7 7. 0-0 Nd5 8. Qe2 Nxc3 9. bxc3 c6 10. a4 Qa5 11. Bd2 Qc7 12. Rfe1 Nd7 13. c4 Nf6 14. c5 Bd7 15. Ne5 Rd8 16. a5 a6 17. Bf4 Nd5 18. Bg3 f5 19. Qh5+ g6 20. Nxg6 Nf6 21. Nxh8+ Nxh5 22. Bxc7 Rc8 23. Be5 Bf6 24. Bxf5 Bxe5 25. Rxe5 Nf6 26. Bxe6 Kf8 27. Bxd7 Nxd7 28. Rf5+ 1-0

[Event "Hamburg-chB"]
[Site "Hamburg"]
[Date "2018.05.19"]
[Round "1"]
[White "Fuhrmann, Jeppe"]
[Black "Herrmann, Sabine"]
[Result "1-0"]
[WhiteElo "1073"]
[BlackElo "1301"]
[PlyCount "69"]
[EventDate "2018.05.19"]
[EventType "swiss"]
[EventRounds "7"]
[EventCountry "GER"]
[SourceTitle "EXT 2020"]
[Source "ChessBase"]
[SourceDate "2019.10.17"]
[SourceVersion "1"]
[SourceVersionDate "2019.10.17"]
[SourceQuality "1"]

1. e4 e5 2. Nf3 Nf6 3. Nxe5 d6 4. Nf3 Nxe4 5. d4 Be7 6. Bd3 Nf6 7. Be3 Bg4 8. Nbd2 Nd5 9. Qe2 0-0 10. h3 Bh5 11. Be4 Nxe3 12. Qxe3 Re8 13. 0-0-0 Nc6 14. g4 Bg6 15. Bxg6 fxg6 16. Qb3+ Kh8 17. d5 Na5 18. Qc3 c6 19. Nc4 Nxc4 20. Qxc4 Rc8 21. Kb1 cxd5 22. Qxd5 Qb6 23. Nd4 Rc5 24. Qb3 Qc7 25. Ne6 Qc8 26. Nxc5 dxc5 27. c3 h6 28. Rhe1 Kh7 29. Qc4 h5 30. Qe6 Qb8 31. Qd7 Rd8 32. Qxe7 Rxd1+ 33. Rxd1 Kh6 34. Rd8 Qh2 35. Rh8# 1-0

[Event "Hamburg CC Easter op 3rd"]
[Site "Hamburg"]
[Date "2017.04.16"]
[Round "5"]
[White "Stolzenwald, Frank"]
[Black "Herrmann, Sabine"]
[Result "0-1"]
[WhiteElo "1448"]
[BlackElo "1567"]
[PlyCount "106"]
[EventDate "2017.04.14"]
[EventType "swiss"]
[EventRounds "7"]
[EventCountry "GER"]
[SourceTitle "EXT 2020"]
[Source "ChessBase"]
[SourceDate "2019.10.17"]
[SourceVersion "1"]
[SourceVersionDate "2019.10.17"]
[SourceQuality "1"]

1. Nf3 Nc6 2. Nc3 Nf6 3. d4 d5 4. Bd2 Bf5 5. e3 Nb4 6. a3 Nxc2+ 7. Ke2 Qd6 8. a4 Qa6+ 9. Nb5 c6 10. Bc3 Nxa1 11. Kd2 cxb5 12. Bxb5+ Bd7 13. Bxa6 Ne4+ 14. Kc1 bxa6 15. Kb1 Nxf2 16. Kxa1 Nxd1 17. Rxd1 Bxa4 18. Rc1 f6 19. Ba5 e6 20. b4 Rb8 21. Rc7 Bxb4 22. Bxb4 Rg8 23. Be7 Bd7 24. Bd6 Rd8 25. Rxa7 Kf7 26. g4 g5 27. Ne1 Kg6 28. Nd3 Bb5 29. Be7 Bxd3 30. Bxd8 Rxd8 31. Re7 Rb8 32. Ka2 Rb1 33. Ka3 Rh1 34. Rxe6 Rxh2 35. Kb4 Rg2 36. Kc5 Bc4 37. Rc6 Rxg4 38. Rd6 Re4 39. Rxd5 Bxd5 40. Kxd5 Rxe3 41. Kc6 Rd3 42. d5 g4 43. d6 g3 44. d7 g2 45. Kc7 Rxd7+ 46. Kxd7 g1Q 47. Ke7 Qb6 48. Kd7 Kf5 49. Ke7 Qc7+ 50. Kf8 Ke6 51. Kg8 f5 52. Kh8 Kf6 53. Kg8 Qg7# 0-1

[Event "Hamburg HSK Christmas op 1st"]
[Site "Hamburg"]
[Date "2015.12.27"]
[Round "1"]
[White "Raider, Eugen"]
[Black "Herrmann, Sabine"]
[Result "1-0"]
[WhiteElo "2030"]
[BlackElo "1580"]
[PlyCount "108"]
[EventDate "2015.12.27"]
[EventType "swiss"]
[EventRounds "7"]
[EventCountry "GER"]
[SourceTitle "EXT 2022"]
[Source "ChessBase"]
[SourceDate "2021.10.06"]
[SourceVersion "1"]
[SourceVersionDate "2021.10.06"]
[SourceQuality "1"]

1. e4 d5 2. Nc3 d4 3. Nce2 e5 4. Ng3 Nf6 5. Bc4 Bd6 6. Nf3 0-0 7. 0-0 c6 8. a4 Bg4 9. d3 Nbd7 10. h3 Be6 11. Bxe6 fxe6 12. c3 dxc3 13. bxc3 Nc5 14. d4 Ncxe4 15. Nxe4 Nxe4 16. Qd3 Rxf3 17. Qxf3 Ng5 18. Qg4 Nf7 19. Qxe6 exd4 20. cxd4 Qf8 21. Re1 Bb4 22. Re4 a5 23. Ra2 Kh8 24. Rf4 Re8 25. Qxf7 Qxf7 26. Rxf7 Re1+ 27. Kh2 Rxc1 28. Rxb7 h6 29. Rd7 Kh7 30. h4 Rd1 31. Rc2 c5 32. d5 Rd4 33. Kg3 c4 34. f4 c3 35. Kf3 Rd1 36. f5 Rd3+ 37. Ke2 Rg3 38. Kf2 Rd3 39. f6 Bc5+ 40. Kf1 Rg3 41. d6 Kg8 42. f7+ Kf8 43. Re2 Be3 44. Rc7 c2 45. d7 c1Q+ 46. Rxc1 Bb6 47. Rc6 Rd3 48. Rxb6 Rxd7 49. Rf2 Rd8 50. Ra6 g5 51. Rxa5 gxh4 52. Rh5 Rd4 53. Rxh6 Rg4 54. Rh8+ Rg8 1-0

[Event "Kiel op-B 28th"]
[Site "Kiel"]
[Date "2015.07.25"]
[Round "2"]
[White "Hartendauer, Frank"]
[Black "Herrmann, Sabine"]
[Result "1-0"]
[WhiteElo "1413"]
[BlackElo "1588"]
[PlyCount "81"]
[EventDate "2015.07.25"]
[EventType "swiss"]
[EventRounds "9"]
[EventCountry "GER"]
[SourceTitle "EXT 2017"]
[Source "ChessBase"]
[SourceDate "2016.10.25"]
[SourceVersion "1"]
[SourceVersionDate "2016.10.25"]
[SourceQuality "1"]

1. d4 e6 2. c4 c5 3. d5 d6 4. Nc3 Nf6 5. e4 Be7 6. Be2 Qa5 7. Bd2 Qb6 8. Qc2 0-0 9. Nf3 e5 10. 0-0 Bg4 11. h3 Bh5 12. Rfe1 Bg6 13. Bd3 Qd8 14. Rab1 a6 15. a3 Nbd7 16. b4 h6 17. Be3 b6 18. bxc5 bxc5 19. Rb2 Nh7 20. Reb1 Bg5 21. Nxg5 Nxg5 22. Rb7 Rb8 23. Bxg5 hxg5 24. Qa4 Rxb7 25. Rxb7 Nf6 26. Qxa6 Qa8 27. Rb6 Qxa6 28. Rxa6 Rd8 29. f3 Nh5 30. Nb5 Nf4 31. Bf1 f6 32. Nxd6 Rb8 33. Nb5 Be8 34. a4 Bd7 35. Ra7 Be8 36. Kf2 Kf8 37. Rc7 Bxb5 38. axb5 Ra8 39. b6 Ra2+ 40. Kg1 Ra1 41. b7 1-0

[Event "Hamburg-ch A-Klasse"]
[Site "Hamburg"]
[Date "2015.05.28"]
[Round "5"]
[White "Priess, Holger"]
[Black "Herrmann, Sabine"]
[Result "0-1"]
[WhiteElo "1553"]
[BlackElo "1593"]
[PlyCount "150"]
[EventDate "2015.05.23"]
[EventType "swiss"]
[EventRounds "7"]
[EventCountry "GER"]
[SourceTitle "EXT 2022"]
[Source "ChessBase"]
[SourceDate "2021.10.06"]
[SourceVersion "1"]
[SourceVersionDate "2021.10.06"]
[SourceQuality "1"]

1. e4 e5 2. Nf3 d6 3. Bc4 Be7 4. h3 Nf6 5. Nc3 c6 6. 0-0 b5 7. Bb3 b4 8. Ne2 Nxe4 9. d3 Nf6 10. Be3 c5 11. a3 Nc6 12. Ba4 Bd7 13. Ng3 bxa3 14. Rxa3 Nd5 15. Nf5 0-0 16. Bxc6 Bxc6 17. c4 Nb4 18. Bd2 Bf6 19. Bxb4 cxb4 20. Ra6 Qc8 21. Qa1 Qxf5 22. Rxc6 Rfd8 23. Rd1 a5 24. d4 Qe4 25. d5 h6 26. Qa4 Be7 27. Nd2 Qe2 28. g3 Bg5 29. Qc2 b3 30. Qc1 a4 31. h4 Bxd2 32. Qxd2 Qxd2 33. Rxd2 a3 34. bxa3 Rxa3 35. Rb2 Rb8 36. Kg2 Ra2 37. Rxa2 bxa2 38. Ra6 Rb2 39. c5 dxc5 40. d6 Rd2 41. Kf3 f6 42. Ke3 Rd4 43. Ra8+ Kf7 44. Ra7+ Ke6 45. Rxa2 Rxd6 46. Rc2 Rd5 47. Rc4 Kd6 48. Ra4 Rd4 49. Ra7 Rg4 50. Kf3 h5 51. Kg2 e4 52. Ra3 Kd5 53. f3 exf3+ 54. Rxf3 c4 55. Rf5+ Kd4 56. Rxh5 g6 57. Ra5 Kd3 58. h5 gxh5 59. Rxh5 c3 60. Rf5 c2 61. Rf3+ Kd2 62. Rf2+ Kc3 63. Rxf6 c1Q 64. Rc6+ Kd2 65. Rxc1 Kxc1 66. Kh3 Rg8 67. Kh4 Kd2 68. g4 Ke3 69. Kh5 Kf4 70. g5 Rxg5+ 71. Kh4 Rg8 72. Kh5 Rg1 73. Kh6 Kf5 74. Kh7 Kf6 75. Kh8 Kf7 0-1

[Event "Hamburg-ch A-Klasse"]
[Site "Hamburg"]
[Date "2015.05.23"]
[Round "1"]
[White "Hildebrandt, Alexander"]
[Black "Herrmann, Sabine"]
[Result "1-0"]
[WhiteElo "1580"]
[BlackElo "1593"]
[PlyCount "73"]
[EventDate "2015.05.23"]
[EventType "swiss"]
[EventRounds "7"]
[EventCountry "GER"]
[SourceTitle "EXT 2022"]
[Source "ChessBase"]
[SourceDate "2021.10.06"]
[SourceVersion "1"]
[SourceVersionDate "2021.10.06"]
[SourceQuality "1"]

1. e4 d5 2. exd5 Qxd5 3. Nc3 Qd8 4. d4 Nf6 5. Nf3 Bg4 6. Be2 Bxf3 7. Bxf3 c6 8. 0-0 e6 9. a3 Bd6 10. Bg5 Nbd7 11. Ne4 Be7 12. Re1 Nd5 13. Nd6+ Kf8 14. Nxb7 Qb6 15. Bxe7+ Kxe7 16. Nc5 Nxc5 17. dxc5 Qxc5 18. Qd2 Rhd8 19. Rad1 h6 20. b4 Qb6 21. Qd3 Nxb4 22. Qc3 Rxd1 23. Rxd1 Nd5 24. Qxg7 Rd8 25. Qxh6 Rd7 26. h3 Qb2 27. Qc1 Qc3 28. Rd3 Qe5 29. Qd2 Ke8 30. c4 Nb6 31. Bxc6 Qc7 32. Bxd7+ Nxd7 33. Rxd7 Qxd7 34. Qxd7+ Kxd7 35. h4 Kd6 36. h5 Kc5 37. h6 1-0

[Event "Kiel op-B 27th"]
[Site "Kiel"]
[Date "2014.08.06"]
[Round "7"]
[White "Schmidt, Niko"]
[Black "Herrmann, Sabine"]
[Result "1-0"]
[WhiteElo "1811"]
[BlackElo "1537"]
[PlyCount "50"]
[EventDate "2014.08.02"]
[EventType "swiss"]
[EventRounds "9"]
[EventCountry "GER"]
[SourceTitle "CBM 161 Extra"]
[Source "ChessBase"]
[SourceDate "2014.08.29"]
[SourceVersion "1"]
[SourceVersionDate "2014.08.29"]
[SourceQuality "1"]

1. e4 e5 2. Nf3 d6 3. d4 exd4 4. Nxd4 Nf6 5. Nc3 c5 6. Nf3 Be6 7. Bf4 Qb6 8. Rb1 Nbd7 9. Be2 Be7 10. 0-0 0-0 11. Ng5 Rad8 12. Nxe6 fxe6 13. Be3 Ne5 14. f4 Ng6 15. Bc4 d5 16. exd5 Rd6 17. b4 Rd7 18. bxc5 Qd8 19. d6 Kf7 20. f5 Nd5 21. fxe6+ Ke8 22. exd7+ Qxd7 23. Qxd5 Bf6 24. Bb5 Bxc3 25. Bxd7+ Kxd7 1-0

[Event "Kiel op-B 27th"]
[Site "Kiel"]
[Date "2014.08.03"]
[Round "3"]
[White "Schmieder, Kerstin"]
[Black "Herrmann, Sabine"]
[Result "0-1"]
[WhiteElo "1683"]
[BlackElo "1537"]
[PlyCount "80"]
[EventDate "2014.08.02"]
[EventType "swiss"]
[EventRounds "9"]
[EventCountry "GER"]
[SourceTitle "CBM 161 Extra"]
[Source "ChessBase"]
[SourceDate "2014.08.29"]
[SourceVersion "1"]
[SourceVersionDate "2014.08.29"]
[SourceQuality "1"]

1. d4 e6 2. Nc3 d5 3. Nf3 Bd6 4. Bg5 Ne7 5. e4 Bb4 6. Bd3 Nbc6 7. 0-0 Bxc3 8. bxc3 0-0 9. Qd2 f6 10. Bf4 Ng6 11. Bg3 Nce7 12. Rfd1 c6 13. c4 dxe4 14. Bxe4 f5 15. Bd3 f4 16. Bh4 Qe8 17. Bxe7 Nxe7 18. Ne5 Rf6 19. Ng4 Rf8 20. Qe2 f3 21. Qe4 Qh5 22. Re1 fxg2 23. Re3 Nf5 24. Rh3 Qxh3 25. Rb1 Nd6 26. Qe5 Qxg4 27. Qxd6 Qf4 28. Qxf4 Rxf4 29. Rd1 Bd7 30. c3 Raf8 31. Rd2 c5 32. d5 exd5 33. cxd5 a6 34. Re2 Bb5 35. Bxb5 axb5 36. Kxg2 b4 37. cxb4 Rxb4 38. Rd2 Rd4 39. Rxd4 cxd4 40. Kf1 Rd8 0-1